000 00561nam a22002057a 4500
003 OSt
005 20140310181915.0
008 130716t xxu||||| |||| 00| 0 eng d
020 _a971542290x
050 _aPN 6377
_b.Eu87 2005
082 _aTR 398.6
_bEu4 2005
100 _aEugenio, Damiana
_9800
245 _aPhilippine folk literature :
_bthe riddles /
_cEugenio, Damiana L.
260 _aQuezon City, Philippines :
_bUP Press
_cc2005.
300 _a1170 p.
_c23 cm.
521 _aFaculty
541 _j1
562 _e1
942 _2lcc
_cBK-TR
_kTR
999 _c6732
_d6732